[Event "7. Festival Benidorm 2008 - Sub-2300"]
[Site "Benidorm ESP"]
[Date "2008.12.02"]
[Round "4.3"]
[White "Uribe Arteaga, Daniel"]
[Black "Sanchez Quiroga, Miguel Angel"]
[Result "1-0"]
[WhiteElo "2272"]
[BlackElo "2163"]
[PlyCount "106"]
[EventDate "2008.11.29"]
[EventType "swiss"]
[EventRounds "9"]
[EventCountry "ESP"]
[Source "lmi"]
[SourceDate "2008.11.29"]

1. e4 c5 2. Nc3 Nc6 3. Nf3 e6 4. d4 cxd4 5. Nxd4 Qc7 6. Be3 Nf6 7. Be2 a6 8.
O-O Bb4 9. Na4 O-O 10. Nxc6 bxc6 11. Nb6 Rb8 12. Nxc8 Rfxc8 13. Bxa6 Rf8 14.
Bd3 Bd6 15. f4 e5 16. b3 exf4 17. Bd4 f3 18. Bxf6 Bxh2+ 19. Kh1 fxg2+ 20. Kxg2
Qg3+ 21. Kh1 Qh3 22. Rf3 Bg3+ 23. Kg1 Qh2+ 24. Kf1 gxf6 25. Rf5 Be5 26. Qg4+
Kh8 27. Rh5 Rg8 28. Qxg8+ Rxg8 29. Rxh2 Bxh2 30. Kf2 Be5 31. Rd1 Bd4+ 32. Kf3
Rg1 33. Bf1 Bc5 34. a4 f5 35. exf5 d5 36. a5 Kg7 37. a6 Kf6 38. Ke2 Ke5 39. Ra1
Ba7 40. Ra4 f6 41. Rh4 Rg7 42. Rh5 Bd4 43. Kd2 Bb6 44. Kc3 Ba5+ 45. Kb2 Bb4 46.
Bd3 d4 47. Rh1 h5 48. Ka2 h4 49. Rxh4 Rg1 50. Re4+ Kd5 51. Re6 Bd6 52. Be4+ Kc5
53. b4+ Kxb4 1-0

[Event "7. Festival Benidorm 2008 - Sub-2300"]
[Site "Benidorm ESP"]
[Date "2008.12.02"]
[Round "4.4"]
[White "Goormachtigh, Johan"]
[Black "Garcia Gata, Jorge David"]
[Result "1/2-1/2"]
[WhiteElo "2242"]
[BlackElo "2140"]
[PlyCount "62"]
[EventDate "2008.11.29"]
[EventType "swiss"]
[EventRounds "9"]
[EventCountry "ESP"]
[Source "lmi"]
[SourceDate "2008.11.29"]

1. d4 Nf6 2. c4 c5 3. d5 b5 4. cxb5 a6 5. bxa6 g6 6. Nc3 Bxa6 7. Nf3 d6 8. g3
Bg7 9. Bg2 Nbd7 10. Rb1 O-O 11. O-O Qa5 12. Bd2 Rfb8 13. Qc2 Qc7 14. b3 Nb6 15.
Nh4 Qb7 16. Rfd1 Nfxd5 17. Nxd5 Nxd5 18. Bh6 Bxh6 19. Bxd5 Qc8 20. Nxg6 Ra7 21.
Nh4 e6 22. Bc4 d5 23. Bxa6 Rxa6 24. e4 dxe4 25. Qxe4 Rb4 26. Qe5 Bg7 27. Qg5
Rd4 28. Nf3 h6 29. Qe7 Bf8 30. Qf6 Bg7 31. Qe7 Bf8 1/2-1/2

[Event "7. Festival Benidorm 2008 - Sub-2300"]
[Site "Benidorm ESP"]
[Date "2008.12.02"]
[Round "4.5"]
[White "Avila Jimenez, Javier"]
[Black "Feloussi, Abdelaziz"]
[Result "1-0"]
[WhiteElo "2217"]
[BlackElo "2112"]
[PlyCount "53"]
[EventDate "2008.11.29"]
[EventType "swiss"]
[EventRounds "9"]
[EventCountry "ESP"]
[Source "lmi"]
[SourceDate "2008.11.29"]

1. d4 Nf6 2. Bg5 Ne4 3. Bf4 c5 4. f3 Qa5+ 5. c3 Nf6 6. d5 g6 7. e4 d6 8. Na3
Nbd7 9. Qd2 Bg7 10. Nh3 a6 11. Nc4 Qc7 12. a4 Nh5 13. Bg5 Ne5 14. Nf2 Nxc4 15.
Bxc4 h6 16. Be3 Rb8 17. O-O b5 18. axb5 axb5 19. Be2 g5 20. g3 Nf6 21. f4 g4
22. e5 dxe5 23. fxe5 Nd7 24. e6 Ne5 25. Nxg4 h5 26. Nxe5 Bxe5 27. exf7+ 1-0

[Event "7. Festival Benidorm 2008 - Sub-2300"]
[Site "Benidorm ESP"]
[Date "2008.12.02"]
[Round "4.6"]
[White "Barranco Cara, Francisco Javier"]
[Black "Galvan Huaraca, Jesus"]
[Result "1-0"]
[WhiteElo "2060"]
[BlackElo "2221"]
[PlyCount "79"]
[EventDate "2008.11.29"]
[EventType "swiss"]
[EventRounds "9"]
[EventCountry "ESP"]
[Source "lmi"]
[SourceDate "2008.11.29"]

1. d4 d6 2. c4 e5 3. Nf3 Bg4 4. Qb3 Bxf3 5. Qxf3 Nc6 6. d5 Nd4 7. Qd3 g6 8. g3
Bg7 9. Bg2 Nf6 10. O-O Nd7 11. Nc3 O-O 12. Rb1 a6 13. b4 Rc8 14. Ba3 b6 15.
Rfc1 Ra8 16. e3 Nf5 17. Bh3 Ne7 18. c5 b5 19. Ne4 Nf6 20. Nxf6+ Bxf6 21. e4 Bg5
22. Rf1 f5 23. f4 exf4 24. gxf4 Bf6 25. e5 dxe5 26. d6 cxd6 27. cxd6 Kg7 28.
fxe5 Bxe5 29. Bb2 Bxb2 30. Rxb2 Ng8 31. Bg2 Qb6+ 32. Kh1 Rad8 33. Rd2 Rd7 34.
Rfd1 Rfd8 35. Qc3+ Kf8 36. Qc5 Qb8 37. Bc6 Rf7 38. Bd5 Ra7 39. d7+ Kg7 40. Bc6
1-0

[Event "7. Festival Benidorm 2008 - Sub-2300"]
[Site "Benidorm ESP"]
[Date "2008.12.02"]
[Round "4.7"]
[White "Perez Garcia, Roberto"]
[Black "Lopez Colon, Francisco"]
[Result "0-1"]
[WhiteElo "2162"]
[BlackElo "2249"]
[PlyCount "96"]
[EventDate "2008.11.29"]
[EventType "swiss"]
[EventRounds "9"]
[EventCountry "ESP"]
[Source "lmi"]
[SourceDate "2008.11.29"]

1. e4 d6 2. d4 Nf6 3. Nc3 g6 4. Nf3 Bg7 5. h3 O-O 6. Be3 c6 7. a4 Qa5 8. Nd2
Nbd7 9. Be2 e5 10. dxe5 dxe5 11. Nc4 Qc7 12. Qd6 Ne8 13. Qxc7 Nxc7 14. O-O Ne6
15. Nd6 Nd4 16. Rad1 Nc5 17. Rd2 Rd8 18. Nxc8 Raxc8 19. Bc4 b6 20. Rfd1 Re8 21.
f3 Rc7 22. b4 Nce6 23. Nb1 b5 24. Bxe6 Nxe6 25. c3 bxa4 26. Ra2 c5 27. b5 Rb8
28. c4 a6 29. Nc3 axb5 30. Nxb5 Rcb7 31. Rxa4 Nd4 32. Bxd4 exd4 33. Kf2 Bh6 34.
Ke2 f5 35. Rda1 fxe4 36. fxe4 Re7 37. Kd3 Ree8 38. Ra7 Rf8 39. R1a2 Rf1 40. e5
Re1 41. Re7 Re3+ 42. Kc2 Rf8 43. Raa7 Rf2+ 44. Kd1 Rb3 45. Re8+ Bf8 46. Na3
Rbb2 47. Kc1 Rbe2 48. Kd1 d3 0-1

[Event "7. Festival Benidorm 2008 - Sub-2300"]
[Site "Benidorm ESP"]
[Date "2008.12.02"]
[Round "4.8"]
[White "Sabater Sanchez, Asensio"]
[Black "Acebal Muñiz, Antonio"]
[Result "1/2-1/2"]
[WhiteElo "2220"]
[BlackElo "2148"]
[PlyCount "126"]
[EventDate "2008.11.29"]
[EventType "swiss"]
[EventRounds "9"]
[EventCountry "ESP"]
[Source "lmi"]
[SourceDate "2008.11.29"]

1. d4 d5 2. Bg5 c5 3. dxc5 Qa5+ 4. Nc3 e6 5. e4 Nc6 6. exd5 exd5 7. Qxd5 Be6 8.
Qe4 Bxc5 9. Bb5 Rc8 10. Nge2 a6 11. Bc4 Bxf2+ 12. Kxf2 Qc5+ 13. Be3 Qxc4 14.
Qxc4 Bxc4 15. Ne4 Rd8 16. Rad1 Bd5 17. N2c3 Bxe4 18. Nxe4 Nf6 19. Nxf6+ gxf6
20. Bc5 Rxd1 21. Rxd1 Rg8 22. b4 Rg4 23. c3 Rh4 24. Bd6 Rc4 25. Rd3 Ne5 26. Rh3
Ng4+ 27. Ke2 Kd7 28. Bc5 Ke6 29. Bd4 h6 30. Rh4 Kf5 31. h3 Ne5 32. Rxh6 a5 33.
a3 axb4 34. axb4 b5 35. g4+ Ke6 36. g5 Ng6 37. gxf6 Rc8 38. Kd2 Nf4 39. h4 Rg8
40. Ke3 Kf5 41. Rh7 Nd5+ 42. Kf3 Ke6 43. Rh5 Rc8 44. Re5+ Kd6 45. Re1 Rc4 46.
h5 Nxc3 47. Bc5+ Kd5 48. Rh1 Ne4 49. h6 Ng5+ 50. Ke2 Nh7 51. Be7 Ke6 52. Rh5
Re4+ 53. Kd3 Re5 54. Rh1 Kd5 55. Rc1 Ke6 56. Rc6+ Kf5 57. Rc5 Ng5 58. Rc8 Rd5+
59. Kc2 Kg6 60. Rh8 Nh7 61. Bf8 Nxf8 62. Rxf8 Rh5 63. Rh8 Kxf6 1/2-1/2

[Event "7. Festival Benidorm 2008 - Sub-2300"]
[Site "Benidorm ESP"]
[Date "2008.12.02"]
[Round "4.9"]
[White "Ridameya Tatche, Jose Miguel"]
[Black "Fernandez Manrique, Agustin"]
[Result "1/2-1/2"]
[WhiteElo "2091"]
[BlackElo "2169"]
[PlyCount "33"]
[EventDate "2008.11.29"]
[EventType "swiss"]
[EventRounds "9"]
[EventCountry "ESP"]
[Source "lmi"]
[SourceDate "2008.11.29"]

1. e4 e6 2. Nf3 d5 3. Nc3 Nf6 4. e5 Nfd7 5. d4 c5 6. dxc5 Nc6 7. Bf4 Be7 8. Bd3
g5 9. Be3 g4 10. Nd4 Ndxe5 11. Qe2 Nxd3+ 12. cxd3 e5 13. Nxc6 bxc6 14. d4 e4
15. Bf4 Bf6 16. O-O-O O-O 17. h3 1/2-1/2

[Event "7. Festival Benidorm 2008 - Sub-2300"]
[Site "Benidorm ESP"]
[Date "2008.12.02"]
[Round "4.10"]
[White "Lopez Pereyra, Antonio"]
[Black "Garcia Albarracin, Francisco D"]
[Result "0-1"]
[WhiteElo "2159"]
[BlackElo "2298"]
[PlyCount "102"]
[EventDate "2008.11.29"]
[EventType "swiss"]
[EventRounds "9"]
[EventCountry "ESP"]
[Source "lmi"]
[SourceDate "2008.11.29"]

1. e4 c5 2. Nf3 a6 3. c4 Nc6 4. d4 cxd4 5. Nxd4 e6 6. Nc3 Qc7 7. Be3 Nf6 8. Be2
Bb4 9. Qc2 Qe5 10. Nxc6 bxc6 11. O-O Bc5 12. Bxc5 Qxc5 13. Na4 Qe5 14. Bf3 g5
15. g3 Rb8 16. Rad1 c5 17. b3 Bb7 18. Rfe1 g4 19. Bg2 h5 20. Qc3 Qxc3 21. Nxc3
e5 22. Na4 Rc8 23. Rd6 Ke7 24. Rb6 Rc7 25. Nxc5 Rxc5 26. Rxb7 Ra8 27. Bf1 a5
28. a3 Rc6 29. Kg2 Ne8 30. Rb5 d6 31. b4 axb4 32. Rb7+ Rc7 33. Rxc7+ Nxc7 34.
axb4 Ne6 35. h3 Kf6 36. b5 Nc5 37. hxg4 hxg4 38. Be2 Kg5 39. f3 Ra2 40. Kg1 Rc2
41. fxg4 Rc3 42. Rb1 Rxg3+ 43. Kf1 Kf4 44. b6 Rh3 45. Kg2 Rh8 46. Rd1 Ke3 47.
Bf3 Nd3 48. Rb1 Nf4+ 49. Kg1 Kxf3 50. b7 Ne2+ 51. Kf1 Rh1# 0-1

[Event "7. Festival Benidorm 2008 - Sub-2300"]
[Site "Benidorm ESP"]
[Date "2008.12.02"]
[Round "4.11"]
[White "Megias Chafer, Alejandro"]
[Black "Diogo, Vasco"]
[Result "1-0"]
[WhiteElo "2159"]
[BlackElo "2295"]
[PlyCount "123"]
[EventDate "2008.11.29"]
[EventType "swiss"]
[EventRounds "9"]
[EventCountry "ESP"]
[Source "lmi"]
[SourceDate "2008.11.29"]

1. e4 d5 2. exd5 Qxd5 3. Nc3 Qa5 4. d4 Nf6 5. Nf3 c6 6. Bc4 Bf5 7. Qe2 e6 8.
Bd2 Bb4 9. a3 Nbd7 10. O-O-O Nb6 11. Ba2 Bxc3 12. Bxc3 Qb5 13. Qxb5 cxb5 14.
Ne5 Rc8 15. Bb3 Be4 16. Ba5 Nc4 17. Nxc4 bxc4 18. Ba4+ Bc6 19. Bxc6+ Rxc6 20.
Rhe1 Nd5 21. Re4 O-O 22. Bd2 Rfc8 23. c3 Rb6 24. Rde1 Rcc6 25. h3 Rb5 26. Kc2
Rcb6 27. Bc1 g6 28. Re5 Kg7 29. g4 Ne7 30. Rxb5 Rxb5 31. Bf4 Nc6 32. Bc7 Rd5
33. b3 cxb3+ 34. Kxb3 b5 35. a4 Kf6 36. axb5 Rxb5+ 37. Kc4 Rb7 38. Bg3 Na5+ 39.
Kc5 Rb6 40. Re2 Ke7 41. Ra2 Nb7+ 42. Kc4 a5 43. Kd3 Kd7 44. c4 Rb3+ 45. Kc2 Rf3
46. c5 f5 47. Rb2 Nd8 48. Rb6 f4 49. Rd6+ Kc7 50. Bh4 Nc6 51. Bf6 Rxf2+ 52. Kd3
a4 53. Rxe6 Rf3+ 54. Ke2 Re3+ 55. Rxe3 fxe3 56. Kxe3 Nb4 57. Kd2 Kc6 58. Kc1 a3
59. Bg5 Kd5 60. Bd2 Nd3+ 61. Kb1 Kxd4 62. c6 1-0

[Event "7. Festival Benidorm 2008 - Sub-2300"]
[Site "Benidorm ESP"]
[Date "2008.12.02"]
[Round "4.12"]
[White "Ballesteros Gonzalez, David"]
[Black "Lillo Ferrer, Jose Maria M."]
[Result "0-1"]
[WhiteElo "2276"]
[BlackElo "2150"]
[PlyCount "92"]
[EventDate "2008.11.29"]
[EventType "swiss"]
[EventRounds "9"]
[EventCountry "ESP"]
[Source "lmi"]
[SourceDate "2008.11.29"]

1. Nf3 d6 2. d4 g6 3. c4 Bg7 4. Nc3 Nf6 5. e4 O-O 6. Be2 Na6 7. O-O e5 8. Be3
Ng4 9. Bg5 Qe8 10. h3 f6 11. hxg4 fxg5 12. dxe5 dxe5 13. Nxg5 c6 14. Qd6 Rf6
15. Qa3 Bf8 16. Qb3 Nc5 17. Qc2 h6 18. Nh3 g5 19. Nd1 Ne6 20. Ne3 Nd4 21. Qd1
Bc5 22. Nf5 a5 23. Kh2 Be6 24. Rh1 Rd8 25. Qf1 Rd7 26. Kg3 Qb8 27. Ng1 Rh7 28.
Kh2 Bxf5 29. gxf5 h5 30. g3 Rfh6 31. Kg2 g4 32. f3 Nc2 33. Qc1 Ne3+ 34. Kf2
Nxf5+ 35. Ke1 Bb4+ 36. Kf1 Nxg3+ 37. Kg2 Nxh1 38. Qg5+ Kh8 39. Rd1 Be7 40. Qe3
Rd6 41. Kxh1 Rxd1 42. Bxd1 Qd6 43. Be2 Qd4 44. Qxd4 exd4 45. fxg4 hxg4+ 46. Kg2
Bd6 0-1

[Event "7. Festival Benidorm 2008 - Sub-2300"]
[Site "Benidorm ESP"]
[Date "2008.12.02"]
[Round "4.13"]
[White "Martinez De Miguel, Pedro"]
[Black "Varga Novak, Mariano"]
[Result "0-1"]
[WhiteElo "2156"]
[BlackElo "2276"]
[PlyCount "104"]
[EventDate "2008.11.29"]
[EventType "swiss"]
[EventRounds "9"]
[EventCountry "ESP"]
[Source "lmi"]
[SourceDate "2008.11.29"]

1. e4 c5 2. Nf3 a6 3. g3 Nc6 4. Bg2 g6 5. Nc3 Bg7 6. O-O e6 7. d3 Nge7 8. Be3
Nd4 9. Qd2 h6 10. Ne1 d6 11. f4 f5 12. Nd1 O-O 13. c3 Ndc6 14. Nf3 Rb8 15. Nf2
b6 16. d4 Bb7 17. dxc5 dxc5 18. Qc2 Qc7 19. Rad1 Rbd8 20. Nh4 Kh7 21. Bc1 Rxd1
22. Rxd1 Rd8 23. Rd3 Rxd3 24. Qxd3 Qd8 25. Qxd8 Nxd8 26. e5 Bxg2 27. Nxg2 Nd5
28. Ne3 b5 29. Nd3 Bf8 30. Kf2 c4 31. Ne1 Bc5 32. Ke2 Bxe3 33. Bxe3 Nc6 34. Nc2
Kg7 35. Nd4 Nxd4+ 36. Bxd4 g5 37. Kf3 gxf4 38. gxf4 Kf7 39. Be3 a5 40. Bd2 Kg6
41. Be1 Kh5 42. h3 b4 43. cxb4 axb4 44. a4 c3 45. Bxc3 Nxc3 46. a5 Nb5 47. a6
Kh4 48. Ke3 Kxh3 49. Kd3 Kg4 50. Kc4 Na7 51. Kc5 h5 52. Kb6 h4 0-1

[Event "7. Festival Benidorm 2008 - Sub-2300"]
[Site "Benidorm ESP"]
[Date "2008.12.02"]
[Round "4.14"]
[White "Mork, Kjell-Arne"]
[Black "Sanchez Barbado, Carlos"]
[Result "1/2-1/2"]
[WhiteElo "2267"]
[BlackElo "2140"]
[PlyCount "51"]
[EventDate "2008.11.29"]
[EventType "swiss"]
[EventRounds "9"]
[EventCountry "ESP"]
[Source "lmi"]
[SourceDate "2008.11.29"]

1. e4 c5 2. Nf3 e6 3. d4 cxd4 4. Nxd4 Nf6 5. Bd3 Nc6 6. Nxc6 dxc6 7. O-O e5 8.
Nd2 Be6 9. Qe2 Qc7 10. Nc4 Nd7 11. c3 Bc5 12. Ne3 Bxe3 13. Bxe3 c5 14. Bc4 Bxc4
15. Qxc4 O-O 16. Rfd1 b6 17. Rd3 h6 18. Rad1 Nf6 19. f3 Rfd8 20. b4 Rxd3 21.
Rxd3 Rc8 22. bxc5 bxc5 23. Qa4 Rb8 24. Rd1 Rb2 25. Qa3 Rb5 26. Qa4 1/2-1/2

[Event "7. Festival Benidorm 2008 - Sub-2300"]
[Site "Benidorm ESP"]
[Date "2008.12.02"]
[Round "4.15"]
[White "Moran Rodriguez, Luciano"]
[Black "Serna Lara, Sergio"]
[Result "0-1"]
[WhiteElo "2138"]
[BlackElo "2265"]
[PlyCount "66"]
[EventDate "2008.11.29"]
[EventType "swiss"]
[EventRounds "9"]
[EventCountry "ESP"]
[Source "lmi"]
[SourceDate "2008.11.29"]

1. d4 d6 2. e4 Nf6 3. Nc3 e5 4. Nf3 Nbd7 5. Bc4 Be7 6. O-O O-O 7. Re1 c6 8. a4
b6 9. Bg5 Bb7 10. Bxf6 Bxf6 11. d5 c5 12. a5 bxa5 13. Ra2 Qc7 14. Qd3 Nb6 15.
Rea1 Nxc4 16. Qxc4 Bd8 17. Nd2 a6 18. Nb3 Bc8 19. Nxa5 f5 20. Nc6 f4 21. f3 Bh4
22. Qa4 g5 23. b4 cxb4 24. Qxb4 g4 25. Na4 gxf3 26. gxf3 Bh3 27. c4 Kh8 28. Kh1
Rg8 29. c5 Rg6 30. cxd6 Qg7 31. d7 Rg8 32. Qb1 Bg2+ 33. Rxg2 Rxg2 0-1

[Event "7. Festival Benidorm 2008 - Sub-2300"]
[Site "Benidorm ESP"]
[Date "2008.12.02"]
[Round "4.16"]
[White "Monmeneu Chulia, Victor"]
[Black "Tello Nuñez, Alejandro"]
[Result "0-1"]
[WhiteElo "2147"]
[BlackElo "2263"]
[PlyCount "74"]
[EventDate "2008.11.29"]
[EventType "swiss"]
[EventRounds "9"]
[EventCountry "ESP"]
[Source "lmi"]
[SourceDate "2008.11.29"]

1. e4 d5 2. exd5 Qxd5 3. Nc3 Qa5 4. Bc4 Nf6 5. d3 Bf5 6. Nge2 e6 7. Ng3 Bg6 8.
Qe2 Nc6 9. Bb5 Bb4 10. Bxc6+ bxc6 11. Bd2 Nd5 12. Qf3 O-O 13. Nge2 Rab8 14. O-O
Bxc3 15. bxc3 Rb2 16. Nd4 c5 17. Nb3 Qa4 18. c4 Nb4 19. Rfc1 Nxc2 20. Bc3 Nxa1
21. Bxb2 Nxb3 22. axb3 Qxb3 23. Be5 a5 24. h4 f6 25. Bxc7 a4 26. Qc6 e5 27. Bd6
Rd8 28. Qc7 Re8 29. Qxc5 Qxd3 30. Ra1 Ra8 31. Qb4 Be4 32. Kh2 Bc6 33. Ra3 Qe4
34. f3 Qxh4+ 35. Kg1 Qd4+ 36. Kh2 Rd8 37. Be7 Qh4+ 0-1

[Event "7. Festival Benidorm 2008 - Sub-2300"]
[Site "Benidorm ESP"]
[Date "2008.12.02"]
[Round "4.17"]
[White "Renteria, Jorge"]
[Black "Lakunza Oyarbide, Juan Carlos"]
[Result "0-1"]
[WhiteElo "2256"]
[BlackElo "2122"]
[PlyCount "104"]
[EventDate "2008.11.29"]
[EventType "swiss"]
[EventRounds "9"]
[EventCountry "ESP"]
[Source "lmi"]
[SourceDate "2008.11.29"]

1. e4 e5 2. Nf3 Nc6 3. Bb5 a6 4. Ba4 Nf6 5. O-O Nxe4 6. d4 b5 7. Bb3 d5 8. dxe5
Be6 9. Qe2 Be7 10. Rd1 Na5 11. c3 Nxb3 12. axb3 O-O 13. b4 Bg4 14. h3 Bh5 15.
Be3 f6 16. g4 Bf7 17. Nbd2 Qc8 18. exf6 Bxf6 19. Nxe4 dxe4 20. Nd2 h5 21. Bc5
Re8 22. Nxe4 Bh4 23. f3 Bc4 24. Qg2 hxg4 25. hxg4 Re6 26. Bf2 Be7 27. Be3 Qb7
28. Rd4 Re8 29. Rad1 Qc8 30. Bf2 c6 31. Ng3 Bf6 32. Re4 Be5 33. f4 Bc7 34. Rxe6
Rxe6 35. f5 Re8 36. Nh5 Re2 37. Qf3 Qe8 38. Nf4 Bxf4 39. Qxf4 Re4 40. Qg5 Bd5
41. f6 g6 42. Rd4 Rxd4 43. f7+ Kxf7 44. Bxd4 Qe1+ 45. Kh2 Qe2+ 46. Kg3 Qf3+ 47.
Kh4 Qh1+ 48. Kg3 Qg2+ 49. Kf4 Qe4+ 50. Kg3 Qg2+ 51. Kf4 Qd2+ 52. Be3 Qh2# 0-1

[Event "7. Festival Benidorm 2008 - Sub-2300"]
[Site "Benidorm ESP"]
[Date "2008.12.02"]
[Round "4.18"]
[White "Perera Casiña, Antonio"]
[Black "Cortes Lizano, Jesus"]
[Result "0-1"]
[WhiteElo "2126"]
[BlackElo "2254"]
[PlyCount "114"]
[EventDate "2008.11.29"]
[EventType "swiss"]
[EventRounds "9"]
[EventCountry "ESP"]
[Source "lmi"]
[SourceDate "2008.11.29"]

1. d4 d5 2. c4 c6 3. cxd5 cxd5 4. Bf4 Nc6 5. e3 Qb6 6. Nc3 Nf6 7. Bd3 Bg4 8. f3
Bd7 9. a3 e6 10. Na4 Qa5+ 11. Nc3 Be7 12. Nge2 Nh5 13. b4 Qd8 14. Bg3 Nxg3 15.
hxg3 h6 16. Kf2 Rc8 17. Rc1 Bd6 18. f4 Qf6 19. Ng1 Nxd4 20. Nxd5 exd5 21. Rxc8+
Bxc8 22. exd4 Qxd4+ 23. Kf3 Kf8 24. Ne2 Qb6 25. Bc2 h5 26. f5 g5 27. g4 hxg4+
28. Kxg4 Rxh1 29. Qxh1 Qe3 30. Qh6+ Ke8 31. Qh8+ Kd7 32. Ba4+ Kc7 33. Qc3+ Qxc3
34. Nxc3 Be5 35. Nxd5+ Kd6 36. Bb3 f6 37. Ne3 b5 38. Kh3 Bd4 39. Nf1 Bxf5+ 40.
g4 Bd3 41. Ng3 Bb2 42. a4 Be5 43. Nf5+ Bxf5 44. gxf5 bxa4 45. Bxa4 Bc3 46. b5
Kc5 47. Kg4 Bd4 48. Kf3 Kb4 49. Bd1 Kxb5 50. Ke4 Bc3 51. Be2+ Kc5 52. Ba6 Kb6
53. Be2 a5 54. Kd3 Bb2 55. Kc4 a4 56. Bd1 a3 57. Kb3 Kc5 0-1

[Event "7. Festival Benidorm 2008 - Sub-2300"]
[Site "Benidorm ESP"]
[Date "2008.12.02"]
[Round "4.19"]
[White "Bendayan Claros, Aaron"]
[Black "Tebar Moreno, Juan Carlos"]
[Result "1-0"]
[WhiteElo "2116"]
[BlackElo "2234"]
[PlyCount "87"]
[EventDate "2008.11.29"]
[EventType "swiss"]
[EventRounds "9"]
[EventCountry "ESP"]
[Source "lmi"]
[SourceDate "2008.11.29"]

1. d4 Nf6 2. c4 c5 3. d5 b5 4. cxb5 a6 5. bxa6 Bxa6 6. Nc3 d6 7. f4 g6 8. Nf3
Bg7 9. e4 Bxf1 10. Rxf1 Qb6 11. Kf2 c4+ 12. Kg3 Nbd7 13. Qe2 Qc7 14. Kh3 Nc5
15. g3 Nd3 16. e5 Nh5 17. e6 f5 18. Ng5 Rb8 19. a4 O-O 20. Nf7 Qb7 21. g4 Nxc1
22. Raxc1 fxg4+ 23. Qxg4 Nf6 24. Qg2 Qxb2 25. Rc2 Qa3 26. Rf3 Rb3 27. Ra2 Qb4
28. Rc2 Nh5 29. f5 Bxc3 30. fxg6 Bg7 31. gxh7+ Kxh7 32. Kh4 Rxf3 33. Qxf3 Nf6
34. Qf5+ Kg8 35. Rg2 Qe1+ 36. Kh3 Ne8 37. Nh6+ Kh8 38. Nf7+ Kg8 39. Qh5 Qe3+
40. Rg3 Qxg3+ 41. hxg3 Nf6 42. Qg6 c3 43. Nh6+ Kh8 44. Nf5 1-0

[Event "7. Festival Benidorm 2008 - Sub-2300"]
[Site "Benidorm ESP"]
[Date "2008.12.02"]
[Round "4.21"]
[White "Gonzalez Aguirre, Luis"]
[Black "Moskow, Eric"]
[Result "1-0"]
[WhiteElo "2110"]
[BlackElo "2225"]
[PlyCount "135"]
[EventDate "2008.11.29"]
[EventType "swiss"]
[EventRounds "9"]
[EventCountry "ESP"]
[Source "lmi"]
[SourceDate "2008.11.29"]

1. Nf3 Nf6 2. d4 e6 3. Bf4 c5 4. e3 Nc6 5. c3 b6 6. h3 Be7 7. Bd3 O-O 8. O-O
cxd4 9. cxd4 Nb4 10. Be2 Ba6 11. Bxa6 Nxa6 12. Nc3 Nb4 13. Rc1 Rc8 14. Bh2 d5
15. Ne5 Nd7 16. Nd3 a6 17. Nxb4 Bxb4 18. Qb3 Be7 19. Ne2 b5 20. Rxc8 Qxc8 21.
Rc1 Qa8 22. Rc7 Rd8 23. Qc2 Bf8 24. Nc1 Nb6 25. b3 Rc8 26. Nd3 Be7 27. Kf1 Rxc7
28. Qxc7 Bd8 29. Qc1 Qc8 30. Qc5 Qb7 31. Nb4 Be7 32. Qc6 Qxc6 33. Nxc6 Ba3 34.
Bc7 Nd7 35. Ke2 Kf8 36. Kd2 Ke8 37. f3 f6 38. Kc3 Bc1 39. e4 dxe4 40. fxe4 e5
41. dxe5 Nc5 42. exf6 gxf6 43. Nb8 Nxe4+ 44. Kc2 Ba3 45. Nxa6 Kd7 46. Bf4 Be7
47. Nc7 Kc6 48. a4 bxa4 49. bxa4 Bd8 50. Ne6 Bb6 51. Kb3 Ba5 52. Bh6 Nd6 53. g4
Ne4 54. Nf8 Nf2 55. Nxh7 Bd8 56. Bg7 Nxh3 57. Bxf6 Ba5 58. g5 Nf4 59. Nf8 Kd5
60. g6 Nxg6 61. Nxg6 Ke6 62. Bc3 Bc7 63. Kc4 Bb6 64. Kb5 Ba7 65. Kc6 Be3 66.
Ne5 Ba7 67. Nc4 Ke7 68. Kb7 1-0

[Event "7. Festival Benidorm 2008 - Sub-2300"]
[Site "Benidorm ESP"]
[Date "2008.12.02"]
[Round "4.22"]
[White "Suarez Triguero, Jose Alfonso"]
[Black "Muñoz Navarro, Alberto"]
[Result "1/2-1/2"]
[WhiteElo "2106"]
[BlackElo "2202"]
[PlyCount "35"]
[EventDate "2008.11.29"]
[EventType "swiss"]
[EventRounds "9"]
[EventCountry "ESP"]
[Source "lmi"]
[SourceDate "2008.11.29"]

1. e4 c5 2. c4 Nc6 3. Nf3 g6 4. d4 cxd4 5. Nxd4 Bg7 6. Be3 Nh6 7. Nc3 O-O 8.
Be2 f5 9. Nxc6 bxc6 10. Qd2 Ng4 11. Bxg4 fxg4 12. Bd4 d6 13. Bxg7 Kxg7 14. Qd4+
Kg8 15. O-O Rf7 16. b4 Be6 17. c5 a5 18. a3 1/2-1/2

[Event "7. Festival Benidorm 2008 - Sub-2300"]
[Site "Benidorm ESP"]
[Date "2008.12.02"]
[Round "4.23"]
[White "Gimeno Martos, Roberto"]
[Black "Castellanos Bogalo, Antonio"]
[Result "0-1"]
[WhiteElo "2201"]
[BlackElo "2095"]
[PlyCount "104"]
[EventDate "2008.11.29"]
[EventType "swiss"]
[EventRounds "9"]
[EventCountry "ESP"]
[Source "lmi"]
[SourceDate "2008.11.29"]

1. e4 e5 2. Nf3 d5 3. Nc3 Nf6 4. d3 Nc6 5. Bg5 dxe4 6. dxe4 Qxd1+ 7. Rxd1 Bb4
8. Bb5 Bd7 9. Bxf6 gxf6 10. Rd3 O-O-O 11. a3 Bxc3+ 12. Rxc3 Na5 13. Bxd7+ Rxd7
14. O-O Rhd8 15. h3 Nc6 16. g4 a6 17. Kg2 Rd6 18. Re1 R8d7 19. Kg3 Nd8 20. g5
fxg5 21. Nxe5 Re7 22. Nc4 Rde6 23. f3 f5 24. Kf2 Nc6 25. Rce3 f4 26. Rd3 b5 27.
Nd2 Ne5 28. Rc3 Rd6 29. Re2 h6 30. b3 Kb7 31. Nf1 Kb6 32. Rd2 Red7 33. Ke2 c5
34. Rxd6+ Rxd6 35. Nd2 a5 36. Ke1 Rd4 37. Ke2 b4 38. axb4 axb4 39. Rd3 Nxd3 40.
cxd3 Rd7 41. Nc4+ Kc7 42. Ne5 Rd6 43. Nc4 Ra6 44. d4 cxd4 45. Kd3 Ra3 46. Nd2
Ra2 47. Nc4 Rf2 48. Ne5 Kd6 49. Kxd4 Ke6 50. Nd3 Rxf3 51. Nc5+ Ke7 52. e5 Rxh3
0-1

[Event "7. Festival Benidorm 2008 - Sub-2300"]
[Site "Benidorm ESP"]
[Date "2008.12.02"]
[Round "4.24"]
[White "Planells Roig, Jose"]
[Black "Montero Fernandez, Oscar"]
[Result "0-1"]
[WhiteElo "2069"]
[BlackElo "2200"]
[PlyCount "108"]
[EventDate "2008.11.29"]
[EventType "swiss"]
[EventRounds "9"]
[EventCountry "ESP"]
[Source "lmi"]
[SourceDate "2008.11.29"]

1. e4 c5 2. Nf3 e6 3. d4 cxd4 4. Nxd4 Nf6 5. Nc3 Nc6 6. Ndb5 d6 7. Bf4 e5 8.
Bg5 a6 9. Na3 b5 10. Bxf6 gxf6 11. Nd5 Bg7 12. Bd3 Ne7 13. Nxe7 Qxe7 14. O-O
O-O 15. c4 f5 16. cxb5 d5 17. exd5 e4 18. Qe2 Qf6 19. Bc4 Qxb2 20. Nc2 axb5 21.
Bb3 Ra6 22. Rad1 Rh6 23. f4 Bd7 24. Qe3 Rc8 25. Rf2 Bf8 26. Nd4 Qc3 27. Qxc3
Rxc3 28. Rc2 b4 29. Rxc3 bxc3 30. Ne2 Bc5+ 31. Kh1 Be3 32. g3 Bd2 33. Kg2 Rb6
34. Nd4 e3 35. Kf3 Rb4 36. Nc6 Rxb3 37. axb3 c2 38. Ra1 c1=Q 39. Rxc1 Bxc1 40.
Ne5 Bb5 41. Nc4 Kf8 42. Nxe3 Bd3 43. Kf2 Ba3 44. h3 Bc5 45. g4 fxg4 46. hxg4
Be4 47. Ke2 Bxe3 48. Kxe3 Bxd5 49. b4 h6 50. b5 Ke7 51. Kf2 Kd6 52. Kg3 Kc5 53.
Kh4 Bf3 54. Kh5 f5 0-1